Angels : (Record no. 6685)
[ view plain ]
| 000 -LEADER | |
|---|---|
| fixed length control field | 00899cam a2200241 a 4500 |
| 001 - CONTROL NUMBER | |
| control field | 4956109 |
| 005 - DATE AND TIME OF LATEST TRANSACTION | |
| control field | 20250625132831.0 |
| 008 - FIXED-LENGTH DATA ELEMENTS--GENERAL INFORMATION | |
| fixed length control field | 951121s1995 ilu b 000 0 eng |
| 020 ## - INTERNATIONAL STANDARD BOOK NUMBER | |
| International Standard Book Number | 080240734X |
| 050 00 - LIBRARY OF CONGRESS CALL NUMBER | |
| Classification number | BS680.A48 |
| Item number | D53 1995 |
| 082 00 - DEWEY DECIMAL CLASSIFICATION NUMBER | |
| Classification number | 235/.3 |
| Edition information | 21 |
| 100 1# - MAIN ENTRY--PERSONAL NAME | |
| Personal name | Dickason, C. Fred. |
| 245 10 - TITLE STATEMENT | |
| Title | Angels : |
| Remainder of title | elect & evil / |
| Statement of responsibility, etc. | C. Fred Dickason. |
| 260 ## - PUBLICATION, DISTRIBUTION, ETC. | |
| Place of publication, distribution, etc. | Chicago : |
| Name of publisher, distributor, etc. | Moody Press, |
| Date of publication, distribution, etc. | c1995. |
| 300 ## - PHYSICAL DESCRIPTION | |
| Extent | 260 p. ; |
| Dimensions | 22 cm. |
| 500 ## - GENERAL NOTE | |
| General note | "Revised and expanded"--Cover. |
| 650 #0 - SUBJECT ADDED ENTRY--TOPICAL TERM | |
| Topical term or geographic name entry element | Angels |
| Topical term following geographic name entry element | Biblical teaching. |
| 650 #0 - SUBJECT ADDED ENTRY--TOPICAL TERM | |
| Topical term or geographic name entry element | Devil |
| Topical term following geographic name entry element | Biblical teaching. |
| 856 42 - ELECTRONIC LOCATION AND ACCESS | |
| Materials specified | Publisher description |
| Uniform Resource Identifier | <a href="http://www.loc.gov/catdir/enhancements/fy0609/96203372-d.html">http://www.loc.gov/catdir/enhancements/fy0609/96203372-d.html</a> |
| 856 42 - ELECTRONIC LOCATION AND ACCESS | |
| Materials specified | Contributor biographical information |
| Uniform Resource Identifier | <a href="http://www.loc.gov/catdir/enhancements/fy1209/96203372-b.html">http://www.loc.gov/catdir/enhancements/fy1209/96203372-b.html</a> |
| 856 41 - ELECTRONIC LOCATION AND ACCESS | |
| Materials specified | Table of contents only |
| Uniform Resource Identifier | <a href="http://www.loc.gov/catdir/enhancements/fy1209/96203372-t.html">http://www.loc.gov/catdir/enhancements/fy1209/96203372-t.html</a> |
| 942 ## - ADDED ENTRY ELEMENTS (KOHA) | |
| Source of classification or shelving scheme | Library of Congress Classification |
| Koha item type | Books |
| Suppress in OPAC | No |
| 999 ## - | |
| -- | 6685 |
| -- | 6685 |
| Withdrawn status | Lost status | Source of classification or shelving scheme | Damaged status | Not for loan | Collection | Home library | Current library | Shelving location | Date acquired | Total checkouts | Full call number | Barcode | Date last seen | Copy number | Price effective from | Koha item type |
|---|---|---|---|---|---|---|---|---|---|---|---|---|---|---|---|---|
| Library of Congress Classification | Non-fiction | Undergraduate Library (Christ Temple) | Undergraduate Library (Christ Temple) | General stacks | 06/25/2025 | BS 680.A48 DIC | ulct00003521 | 06/25/2025 | 1 | 06/06/2025 | Books |